The Epistle to the Romans / (Record no. 10272)

MARC details
000 -LEADER
fixed length control field 03648cam a2200373 a 4500
001 - CONTROL NUMBER
control field 34933859
003 - CONTROL NUMBER IDENTIFIER
control field OCoLC
005 - DATE AND TIME OF LATEST TRANSACTION
control field 20241126110728.0
008 - FIXED-LENGTH DATA ELEMENTS--GENERAL INFORMATION
fixed length control field 960606s1996 miu b 001 0 eng
010 ## -
-- 96026077
020 ## - INTERNATIONAL STANDARD BOOK NUMBER
International Standard Book Number 0802823173
Qualifying information (alk. paper)
020 ## - INTERNATIONAL STANDARD BOOK NUMBER
International Standard Book Number 9780802823175
Qualifying information (alk. paper)
035 ## - SYSTEM CONTROL NUMBER
System control number (OCoLC)34933859
Canceled/invalid control number (OCoLC)59385017
-- (OCoLC)1027238508
-- (OCoLC)1029105804
-- (OCoLC)1037659824
-- (OCoLC)1416572793
040 ## - CATALOGING SOURCE
Original cataloging agency DLC
Language of cataloging eng
Transcribing agency DLC
Modifying agency OCL
-- BAKER
-- NLGGC
-- BTCTA
-- YDXCP
-- GEBAY
-- ZWZ
-- OCLCQ
-- BDX
-- EUM
-- SGB
-- OCLCO
-- CFT
-- OCLCA
-- OCLCQ
-- OCLCA
-- OCLCF
-- MXL
-- OCLCQ
-- DEBBG
-- TUU
-- DML
-- OCLCO
-- OCLCA
-- MNLUT
-- DHA
-- SJG
-- OCLCQ
-- AUU
-- L2U
-- FCX
-- OCLCO
-- MXL
050 00 -
-- BS2665.3
-- .M55 1996
082 00 - DEWEY DECIMAL CLASSIFICATION NUMBER
Classification number 225.77
Edition information 20
Item number NEW
100 1# - MAIN ENTRY--PERSONAL NAME
Personal name Moo, Douglas J
9 (RLIN) 23
245 14 - TITLE STATEMENT
Title The Epistle to the Romans /
Statement of responsibility, etc. Douglas J. Moo
260 ## - PUBLICATION, DISTRIBUTION, ETC.
Place of publication, distribution, etc. Grand Rapids, Mich. :
Name of publisher, distributor, etc. W.B. Eerdmans Pub. Co.,
Date of publication, distribution, etc. ℗♭1996
300 ## - PHYSICAL DESCRIPTION
Extent xxv, 1012 pages ;
Dimensions 25 cm
336 ## - CONTENT TYPE
Content type term text
Content type code txt
Source rdacontent
337 ## - MEDIA TYPE
Media type term unmediated
Media type code n
Source rdamedia
338 ## - CARRIER TYPE
Carrier type term volume
Carrier type code nc
Source rdacarrier
490 1# - SERIES STATEMENT
Series statement The new international commentary on the New Testament
504 ## - BIBLIOGRAPHY, ETC. NOTE
Bibliography, etc. note Includes bibliographical references (pages xviii-xxv) and indexes
505 0# - FORMATTED CONTENTS NOTE
Formatted contents note Introduction : General circumstances -- Integrity, literary history, and text -- Audience -- Nature and genre -- Purpose -- Theme -- Text and translation -- Structure -- Analysis of Romans (with page references) -- Text, exposition, and notes : The letter opening (1:1-17) -- The heart of the gospel: justification by faith (1:18-4:25) -- The assurance provided by the gospel: the hope of salvation (5:1-8:39) -- The defense of the gospel: the problem of Israel (9:1-11:36) -- The transforming power of the gospel: Christian conduct (12:1-15:13) -- The letter closing (15:14-16:27)
505 0# - FORMATTED CONTENTS NOTE
Formatted contents note I. Introduction -- General circumstances -- Integrity, literary history, and text -- Audience -- Nature and genre -- Purpose -- Theme -- Text and translation -- Structure -- Analysis of Romans (with page references) -- II. Text, exposition, and notes -- The letter opening (1:1-17) -- The heart of the gospel: Justification by faith (1:18--4:25) -- The assurance provided by the gospel: The hope of salvation (5:1--8:39) -- The defense of the gospel: The problem of Israel (9:1--11:36) -- The transformation power of the gospel: Christian conduct (12:1--15:13) -- The letter closing (15:14--16:27)
520 ## - SUMMARY, ETC.
Summary, etc. Paul's letter to the Romans has been called "the quintessence and perfection of saving doctrine." Perhaps the most challenging and thoroughly doctrinal book of the entire New Testament, Romans deals with many issues that are basic to Christian theology and practice. In this volume respected New Testament scholar Douglas J. Moo provides a superb study of Paul's letter to the Roman Christians and restates the enduring message of Romans for Christians today. Based on the English text but bringing into the discussion the underlying Greek at every point, this commentary focuses both on theological meaning and on contemporary significance. Moo contributes to the continuing debate regarding Paul's teaching on such issues as Jewish law and the relationship between Jews and Gentiles in the people of God. He also critically interacts with "the new perspective on Paul," highlights Romans's emphasis on "practical divinity," and traces the theme of gospel throughout the epistle. - Publisher
630 00 - SUBJECT ADDED ENTRY--UNIFORM TITLE
Uniform title Bible.
Name of part/section of a work Romans
Form subdivision Commentaries
9 (RLIN) 848
655 #7 - INDEX TERM--GENRE/FORM
Genre/form data or focus term Commentaries (form)
Source of term gtt
9 (RLIN) 17855
655 #7 - INDEX TERM--GENRE/FORM
Genre/form data or focus term Commentaries.
Source of term lcgft
9 (RLIN) 875
830 #0 -
-- New international commentary on the New Testament
-- 5047
942 ## - ADDED ENTRY ELEMENTS (KOHA)
Source of classification or shelving scheme Dewey Decimal Classification
Koha item type Reference Books
Holdings
Withdrawn status Lost status Source of classification or shelving scheme Damaged status Not for loan Home library Current Library Shelving location Date acquired Total checkouts Full call number Barcode Date last seen Copy number Price effective from Koha item type
    Dewey Decimal Classification     GRACE BIBLE COLLEGE GRACE BIBLE COLLEGE Commentary 2024-05-10   225.77 NEW 020685 2025-05-01 c.1 2024-05-10 Reference Books
© Grace Bible College Library 2025